[Event "SR 3. liga A2 2009/2010"]
[Site "?"]
[Date "2010.02.14"]
[Round "8.1"]
[White "Lesny, Stefan"]
[Black "Pagerka, Martin"]
[Result "1/2-1/2"]
[WhiteElo "2086"]
[BlackElo "2097"]
[PlyCount "93"]
[EventDate "2009.??.??"]

1. e4 c5 2. f4 e6 3. Nf3 Nc6 4. c3 d5 5. e5 Bd7 6. d3 Nge7 7. g3 h5 8. Bg2 Nf5
9. O-O c4 10. d4 b5 11. Qe2 Qb6 12. a3 Be7 13. Rd1 a5 14. Nbd2 Ra7 15. Nf1 b4
16. axb4 axb4 17. Rxa7 Nxa7 18. Ne3 g6 19. Nxf5 gxf5 20. Ng5 bxc3 21. bxc3 Qb3
22. Bb2 Ba4 23. Rc1 Nb5 24. Bf3 Ba3 25. Bxa3 Qxa3 26. Qd2 Ke7 27. Kg2 Nc7 28.
Kh3 Rb8 29. Bxh5 Rb2 30. Qe3 Qa2 31. Qg1 Be8 32. Bd1 Nb5 33. Nf3 Rb1 34. Qe3
Qa1 35. Rxb1 Qxb1 36. Ba4 Na3 37. Bxe8 Kxe8 38. Ng1 Qf1+ 39. Kh4 Nb5 40. Ne2
Qd1 41. h3 Qd3 42. Qf2 Nxc3 43. Nxc3 Qxc3 44. Qa2 Qb4 45. Qa8+ Ke7 46. Qa7+ Ke8
47. Qa8+ 1/2-1/2

[Event "SR 3. liga A2 2009/2010"]
[Site "?"]
[Date "2010.02.14"]
[Round "8.2"]
[White "Diviak, Rastislav"]
[Black "Bebiak, Jozef"]
[Result "1/2-1/2"]
[WhiteElo "2043"]
[BlackElo "2130"]
[PlyCount "34"]
[EventDate "2009.??.??"]

1. e4 c5 2. Nf3 d6 3. d4 cxd4 4. Nxd4 Nf6 5. Nc3 a6 6. Be2 e5 7. Nb3 Be7 8. O-O
O-O 9. Be3 Be6 10. f4 $11 exf4 11. Bxf4 d5 12. exd5 Nxd5 13. Nxd5 Bxd5 14. Bf3
Qb6+ 15. Qd4 Qxd4+ 16. Nxd4 Bxf3 17. Nxf3 Nc6 1/2-1/2

[Event "SR 3. liga A2 2009/2010"]
[Site "?"]
[Date "2010.02.14"]
[Round "8.3"]
[White "Merva, Frantisek"]
[Black "Cajka, Tibor"]
[Result "1-0"]
[WhiteElo "2053"]
[BlackElo "1932"]
[PlyCount "39"]
[EventDate "2009.??.??"]

1. d4 Nf6 2. Nf3 e6 3. c4 b6 4. g3 Ba6 5. b3 d5 6. Bg2 c6 7. Ne5 Qc8 8. O-O
Nbd7 9. Bb2 Nxe5 10. dxe5 Nd7 11. Nd2 Bc5 12. cxd5 cxd5 13. Rc1 Qb8 14. Re1
Nxe5 15. b4 Bxf2+ 16. Kxf2 Ng4+ 17. Kg1 Qd6 18. a3 Rd8 19. e4 d4 20. Qxg4 1-0

[Event "SR 3. liga A2 2009/2010"]
[Site "?"]
[Date "2010.02.14"]
[Round "8.4"]
[White "Danada, Ondrej"]
[Black "Obdrzalkova, Anitta"]
[Result "1-0"]
[WhiteElo "1884"]
[BlackElo "2004"]
[PlyCount "67"]
[EventDate "2009.??.??"]

1. e4 c5 2. Nf3 d6 3. d4 cxd4 4. Nxd4 Nf6 5. Nc3 a6 6. Bg5 e6 7. f4 Be7 8. Qf3
Qc7 9. O-O-O Nbd7 10. g4 b5 11. Bxf6 Nxf6 12. g5 Nd7 13. f5 Ne5 14. Qh5 g6 15.
fxg6 fxg6 16. Qh3 Bxg5+ 17. Kb1 Qe7 18. Bxb5+ axb5 19. Ndxb5 Ra6 20. Nd5 Qb7
21. Ndc7+ Kd8 22. Qg3 Bf6 23. Rhf1 Bg7 24. Qg5+ Kd7 25. Rf6 Qxe4 26. Nxa6 Bxa6
27. Rxd6+ Kc8 28. Nc3 Qh1+ 29. Rd1 Qxh2 30. Rxe6 Be2 31. Nxe2 Qxe2 32. Red6 Nc4
33. Qc5+ Kb7 34. Rd7+ 1-0

[Event "SR 3. liga A2 2009/2010"]
[Site "?"]
[Date "2010.02.14"]
[Round "8.6"]
[White "Hanzluvka, Peter"]
[Black "Feher, Tibor"]
[Result "1/2-1/2"]
[WhiteElo "2007"]
[BlackElo "1782"]
[PlyCount "77"]
[EventDate "2009.??.??"]

1. e4 c5 2. Nf3 d6 3. d4 cxd4 4. Nxd4 Nf6 5. Nc3 a6 6. Bc4 Qc7 7. Bb3 e6 8. O-O
Be7 9. Be3 O-O 10. a4 Nc6 11. Qe2 Nxd4 12. Bxd4 Bd7 13. a5 Rac8 14. Bb6 Qb8 15.
Rfd1 Bc6 16. f3 Nd7 17. Bf2 Nc5 18. Ba2 Bf6 19. Bd4 Bxd4+ 20. Rxd4 Rfd8 21.
Rad1 Rd7 22. R4d2 Na4 23. Nxa4 Bxa4 24. b3 Bc6 25. Qe3 Qc7 26. b4 Rcd8 27. c4
Ba4 28. Bb3 Bxb3 $11 29. Qxb3 Kf8 30. Ra1 Rc8 31. Qd1 Qxc4 32. Rxd6 Rxd6 33.
Qxd6+ Ke8 34. Rd1 Qc7 35. Kf2 Qxd6 36. Rxd6 Rc4 37. Rb6 Rc7 38. Rd6 Rc4 39. Rb6
1/2-1/2

[Event "SR 3. liga A2 2009/2010"]
[Site "?"]
[Date "2010.02.14"]
[Round "8.7"]
[White "Kahancova, Jana"]
[Black "Skapik, Branislav"]
[Result "0-1"]
[WhiteElo "1575"]
[BlackElo "1847"]
[PlyCount "52"]
[EventDate "2009.??.??"]

1. e4 d5 2. exd5 Nf6 3. Nf3 Nxd5 4. d4 Bg4 5. Be2 e6 6. h3 Bf5 7. a3 Nd7 8. c4
N5f6 9. Nc3 c6 10. b4 Ne4 11. Nxe4 Bxe4 12. Bb2 Qc7 13. O-O Rd8 14. Qb3 Bd6 15.
Rad1 Nf6 16. Ne5 h5 17. Bd3 g5 18. Bxe4 Nxe4 19. Qg3 f5 20. c5 Be7 21. Qe3 g4
22. a4 Bg5 23. Qe2 gxh3 24. gxh3 Bh4 25. Kh1 Bxf2 26. Rxf2 Ng3+ 0-1

[Event "SR 3. liga A2 2009/2010"]
[Site "?"]
[Date "2010.02.14"]
[Round "8.8"]
[White "Danada, Tomas"]
[Black "Mezei, Tibor"]
[Result "0-1"]
[WhiteElo "1772"]
[BlackElo "1615"]
[PlyCount "92"]
[EventDate "2009.??.??"]

1. d4 d5 2. Nc3 c6 3. e4 dxe4 4. Nxe4 Nf6 5. Nxf6+ exf6 6. Nf3 Be6 7. Bf4 g5 8.
Be3 Bd6 9. h3 Nd7 10. c3 Nb6 11. Bd3 Nc4 12. Qe2 Nxe3 13. Qxe3 Qb6 14. Qe2
O-O-O 15. Qc2 Rde8 16. O-O h5 17. Nd2 g4 18. h4 g3 19. f4 Rhg8 20. f5 Bd7 21.
Rae1 Rxe1 22. Rxe1 Rg4 23. Nc4 Qc7 24. Re4 Bxf5 25. Re8+ Kd7 26. Bxf5+ Kxe8 27.
Bxg4 hxg4 28. Qe4+ Kf8 29. Nxd6 Qxd6 30. Qxg4 c5 31. h5 cxd4 32. Qxd4 Qe7 33.
Kf1 Kg7 34. Qf4 Qe5 35. Qf3 Kh6 36. b4 Qg5 37. Ke2 Qb5+ 38. Kd2 Qe5 39. Qe3+
Kxh5 40. Qxa7 Qe4 41. Qd4 Qxg2+ 42. Kd3 Qf1+ 43. Ke4 g2 44. Qd5+ f5+ 45. Ke5
g1=Q 46. Qxf7+ Qg6 0-1

[Event "SR 3. liga A2 2009/2010"]
[Site "?"]
[Date "2010.02.14"]
[Round "8.1"]
[White "Pribila, Gerhard"]
[Black "Finszter, Mate"]
[Result "1/2-1/2"]
[WhiteElo "2030"]
[BlackElo "2056"]
[PlyCount "35"]
[EventDate "2009.??.??"]

1. e4 e6 2. d4 d5 3. Nc3 Bb4 4. e5 c5 5. a3 Bxc3+ 6. bxc3 Qa5 7. Bd2 Qa4 8. Nf3
b6 9. Qb1 Ba6 10. Qb3 Qd7 11. Bxa6 Nxa6 12. a4 Ne7 13. a5 Qc6 14. axb6 axb6 15.
O-O O-O 16. Bg5 Nc8 17. Ra3 c4 18. Qa2 $11 1/2-1/2

[Event "SR 3. liga A2 2009/2010"]
[Site "?"]
[Date "2010.02.14"]
[Round "8.2"]
[White "Abraham, Jan"]
[Black "Pribila, Michal"]
[Result "0-1"]
[WhiteElo "1981"]
[BlackElo "2078"]
[PlyCount "62"]
[EventDate "2009.??.??"]

1. Nf3 c5 2. b3 d5 3. e3 Nc6 4. d4 e6 5. Bb2 Nf6 6. Nbd2 Be7 7. Bb5 Bd7 8. O-O
cxd4 9. exd4 O-O 10. Re1 Qa5 11. Qe2 Rac8 12. Rec1 Bd6 13. Bxc6 Bxc6 14. Ne5
Bb4 15. c3 Ba3 16. Bxa3 Qxa3 17. Rc2 Rc7 18. Rac1 Qd6 19. f3 Rfc8 20. Qe3 Bb5
21. c4 dxc4 22. bxc4 Ba4 23. Rc3 Rd8 24. Rd3 Nd5 25. Qe4 Nb4 26. Ra3 Bc2 27.
Qh4 f6 28. Rxa7 fxe5 29. Nf1 Nc6 30. Rxc2 Nxa7 31. Rd2 Rxc4 0-1

[Event "SR 3. liga A2 2009/2010"]
[Site "?"]
[Date "2010.02.14"]
[Round "8.3"]
[White "Kocak, Branislav"]
[Black "Csefalvay, Stefan"]
[Result "0-1"]
[WhiteElo "1934"]
[BlackElo "1908"]
[PlyCount "158"]
[EventDate "2009.??.??"]

1. d4 Nf6 2. c4 g6 3. Nc3 Bg7 4. e4 d6 5. f3 O-O 6. Be3 c6 7. Qd2 Nbd7 8. Bd3
e5 9. d5 c5 10. Bg5 a6 11. Nge2 Qc7 12. Bh6 Nb6 13. Bxg7 Kxg7 14. g4 Qe7 15. h4
h5 16. gxh5 Nxh5 17. O-O-O Nd7 18. Rdg1 Rh8 19. f4 exf4 20. Nxf4 Nxf4 21. Qxf4
Qe5 22. Qf2 Qf6 23. Qg3 Ne5 24. Be2 Bd7 25. h5 Rag8 26. Rf1 Qe7 27. Rfg1 Qf6
28. Rh2 Kf8 29. Rf1 Qg7 $11 30. hxg6 Rxh2 31. Qxh2 Qxg6 32. Qh4 Qg5+ 33. Qxg5
Rxg5 34. Rh1 Kg7 35. Kd1 Rg3 36. Rf1 Rg5 37. Ke1 Rg3 38. Rh1 Rg5 39. Rh2 Rg1+
40. Kf2 Rg5 41. Nd1 b5 42. Ne3 b4 43. Rh1 f5 44. exf5 Bxf5 45. Nxf5+ Rxf5+ 46.
Ke3 Rg5 47. b3 Rg3+ 48. Kd2 a5 49. Rh2 a4 50. Bd1 axb3 51. axb3 Ng6 52. Bc2 Nf4
53. Rh7+ Kf6 54. Rh2 Rg2+ 55. Rxg2 Nxg2 56. Be4 Nf4 57. Ke3 Ke5 58. Bc2 Ng2+
59. Kd2 Kd4 60. Bd3 Nh4 61. Be2 Ng6 62. Bd3 Nf4 63. Bf5 Ng2 64. Bg4 Ne3 65. Be2
Nf5 66. Bg4 Ng3 67. Bh3 Ne4+ 68. Kc2 Ke3 69. Bf5 Ng3 70. Bg4 Ne2 71. Bh5 Nd4+
72. Kb2 Kd2 73. Bg6 Nf3 74. Bf5 Ne5 75. Be4 Nd3+ 76. Ka2 Kc3 77. Bg6 Nc1+ 78.
Kb1 Nxb3 79. Be8 Nd2+ 0-1

[Event "SR 3. liga A2 2009/2010"]
[Site "?"]
[Date "2010.02.14"]
[Round "8.4"]
[White "Vizvari, Ludovit"]
[Black "Valla, Tomas"]
[Result "0-1"]
[WhiteElo "1780"]
[BlackElo "2015"]
[PlyCount "104"]
[EventDate "2009.??.??"]

1. d4 Nf6 2. c4 c5 3. d5 e6 4. Nc3 exd5 5. cxd5 d6 6. e4 g6 7. Nf3 Bg7 8. Be2
O-O 9. O-O Bg4 10. h3 Bxf3 11. Bxf3 a6 12. a4 Re8 13. Re1 Nbd7 14. Bf4 Qe7 15.
Qc2 Ne5 16. Bxe5 Qxe5 17. a5 Rab8 18. Re2 b5 19. axb6 Rxb6 20. Na4 Rb4 21. Nc3
Reb8 22. Nd1 R8b6 23. Ra2 Nh5 24. Bxh5 Qxh5 25. Nc3 Bd4 26. Qd3 Qe5 27. Na4 Rb3
28. Qc2 R6b5 29. Ra3 R3b4 30. Ra2 Ra5 31. b3 Rab5 32. Nb2 Rxb3 33. Nd3 Rb1+ 34.
Re1 Rxe1+ 35. Nxe1 Rb2 36. Rxb2 Bxb2 37. Kf1 a5 38. Kg1 Qc3 39. Qxc3 Bxc3 40.
Nd3 a4 41. Nc1 a3 42. Kf1 Kg7 43. Ke2 Bb2 44. Na2 Kf6 45. f4 g5 46. g3 gxf4 47.
gxf4 Kg6 48. Kd3 f6 49. Kc4 Kf7 50. Nc3 Bxc3 51. Kxc3 c4 52. Kc2 f5 0-1

[Event "SR 3. liga A2 2009/2010"]
[Site "?"]
[Date "2010.02.14"]
[Round "8.5"]
[White "Brunovsky, Peter"]
[Black "Vegh, Vince"]
[Result "0-1"]
[WhiteElo "1762"]
[BlackElo "1920"]
[PlyCount "94"]
[EventDate "2009.??.??"]

1. d4 d5 2. Nf3 Nf6 3. Bf4 c6 4. c3 Bf5 5. e3 e6 6. Bd3 Bxd3 7. Qxd3 Nbd7 8.
Nbd2 Be7 9. h3 c5 10. O-O O-O 11. Bh2 Re8 12. Rfe1 c4 13. Qc2 b5 14. e4 dxe4
15. Nxe4 Nxe4 16. Rxe4 Nf6 17. Ree1 a5 18. Ne5 Rc8 19. f4 Qb6 20. f5 Bf8 21.
Qf2 exf5 22. Qxf5 Qe6 23. Qf1 Bd6 24. Kh1 Qd5 25. Re2 Re6 26. Rae1 Rce8 27. Qf5
h6 28. Rf1 Bb8 29. Ref2 Qb7 30. Qc2 R8e7 31. Qc1 Bxe5 32. Bxe5 Ne4 33. Rf5 Rxe5
34. Rxe5 Rxe5 35. dxe5 Ng3+ 36. Kh2 Nxf1+ 37. Qxf1 Qe4 38. Qf3 Qxe5+ 39. Kh1 b4
40. cxb4 axb4 41. Qa8+ Kh7 42. Qc8 Qd5 43. a3 bxa3 44. bxa3 Qd3 45. Kh2 c3 46.
Qc5 c2 47. a4 Qe4 0-1

[Event "SR 3. liga A2 2009/2010"]
[Site "?"]
[Date "2010.02.14"]
[Round "8.6"]
[White "Kantor, Reka"]
[Black "Zajicek, Ferdinand"]
[Result "1-0"]
[WhiteElo "1903"]
[BlackElo "1924"]
[PlyCount "48"]
[EventDate "2009.??.??"]

1. e4 e5 2. Nf3 d6 3. d4 Qe7 4. Nc3 c6 5. h3 Nf6 6. Bg5 Nbd7 7. Qd2 h6 8. Be3
Nb6 9. O-O-O Bd7 10. g4 g5 11. Bd3 O-O-O 12. a4 a6 13. dxe5 dxe5 14. Bxb6 Re8
15. a5 Qb4 16. Ne1 Be6 17. Bc4 Bc5 18. Bxe6+ fxe6 19. Nd3 Nxe4 20. Nxe4 Qa4 21.
Kb1 Bxb6 22. Nd6+ Kc7 23. Nxe8+ Rxe8 24. axb6+ Kxb6 1-0

[Event "SR 3. liga A2 2009/2010"]
[Site "?"]
[Date "2010.02.14"]
[Round "8.7"]
[White "Kastler, Peter"]
[Black "Varkonyi, Miklos"]
[Result "1-0"]
[WhiteElo "1721"]
[BlackElo "1761"]
[PlyCount "111"]
[EventDate "2009.??.??"]

1. d4 d5 2. c4 c6 3. Nc3 Nf6 4. Bg5 e6 5. e3 Be7 6. Nf3 Nbd7 7. Bd3 dxc4 8.
Bxc4 O-O 9. O-O a6 10. Qc2 h6 11. Bh4 b5 12. Bd3 Bb7 13. a3 Rc8 14. b4 Nd5 15.
Bxe7 Qxe7 16. Ne4 e5 17. Nc5 Nxc5 18. dxc5 Rfe8 19. Nd2 Rcd8 20. Ne4 Rf8 21.
Nd6 Bc8 22. Be4 Be6 23. Rfd1 Qc7 24. Rac1 a5 25. Qb2 f6 26. Ra1 Ra8 27. Bb1
axb4 28. Ba2 bxa3 29. Qc2 Kh8 30. Bb1 Bg8 31. Nxb5 cxb5 32. Rxd5 b4 33. Rd3
Rfd8 34. Rb3 Rab8 35. h3 Rd5 36. Qe4 Qxc5 37. Raxa3 bxa3 38. Rxb8 Rd1+ 39. Kh2
Rxb1 40. Qxb1 Qc7 41. Qb3 e4+ 42. g3 Kh7 43. Qxg8+ Kg6 44. Ra8 Qc2 45. Kg2 Qe2
46. Qe8+ Kg5 47. Qxe4 f5 48. Qf4+ Kf6 49. Rf8+ Ke7 50. Qb4+ Ke6 51. Qxa3 Qc4
52. Re8+ Kd5 53. Qe7 Qc6 54. Qe5+ Kc4+ 55. e4 Kd3 56. Qd5+ 1-0

[Event "SR 3. liga A2 2009/2010"]
[Site "?"]
[Date "2010.02.14"]
[Round "8.8"]
[White "Szabo, Julius"]
[Black "Papanek, Lubomir"]
[Result "1/2-1/2"]
[WhiteElo "1721"]
[BlackElo "1663"]
[PlyCount "168"]
[EventDate "2009.??.??"]

1. e4 e6 2. d4 d5 3. Nc3 dxe4 4. Nxe4 Nd7 5. Nf3 Ngf6 6. Bd3 Be7 7. O-O O-O 8.
Re1 c5 9. c3 b6 10. Neg5 g6 11. Ne4 Bb7 12. Bh6 Re8 13. Qc2 Qc7 14. h3 c4 15.
Bf1 Nxe4 16. Rxe4 Bxe4 17. Qxe4 Nf6 18. Qe2 b5 19. Ne5 Bf8 20. Bf4 Qb7 21. Re1
Bg7 22. g3 Rac8 23. Bg2 Nd5 24. Bg5 f6 25. Nf3 Qd7 26. Bc1 a5 27. a3 b4 28.
axb4 axb4 29. Bd2 bxc3 30. bxc3 Qb5 31. Qd1 Qb2 32. Qa4 Nb6 33. Qa5 Bf8 34. Qa6
Re7 35. Bc1 Qb3 36. Nd2 Qa4 37. Qxb6 Ree8 38. Kh2 Qd7 39. Qb1 Rb8 40. Qa2 h5
41. Qxc4 Rbc8 42. Qd3 Kf7 43. Ne4 Bd6 44. Nxd6+ Qxd6 45. Qf3 h4 46. Bg5 hxg3+
47. fxg3 f5 48. Bf4 Qd7 49. Be5 Qb5 50. Ra1 Qb2 51. Ra7+ Re7 52. Rxe7+ Kxe7 53.
Qb7+ Qxb7 54. Bxb7 Rxc3 55. h4 Rc2+ 56. Kg1 Rb2 57. Bf3 Rc2 58. Kf1 Ra2 59. Ke1
Rc2 60. Kd1 Ra2 61. Ke1 Rc2 62. Be2 Rb2 63. Kf2 Kf7 64. Kf3 Rb3+ 65. Kf4 Rb2
66. Bd1 Rf2+ 67. Kg5 Rd2 68. Bb3 Rb2 69. Bd1 Rd2 70. Bf3 Rd3 71. h5 gxh5 72.
Bxh5+ Ke7 73. Bg6 Re3 74. Kh6 Re4 75. Bh5 Re1 76. Kg6 Re4 77. Bf3 Re3 78. Bd1
Re1 79. Bh5 Re4 80. Kg5 Re1 81. g4 fxg4 82. Bxg4 Rg1 83. Kf4 Rf1+ 84. Kg3 Rf8
1/2-1/2

[Event "SR 3. liga A2 2009/2010"]
[Site "?"]
[Date "2010.02.14"]
[Round "8.1"]
[White "Gasa, Andrej"]
[Black "Kocmal, Jaroslav"]
[Result "1-0"]
[WhiteElo "2220"]
[BlackElo "2031"]
[PlyCount "107"]
[EventDate "2009.??.??"]

1. e4 e5 2. Nf3 Nf6 3. Nxe5 d6 4. Nf3 Nxe4 5. d4 d5 6. Bd3 Nc6 7. O-O Be7 8. c4
Nb4 9. Be2 O-O 10. a3 Nc6 11. Nc3 Nxc3 12. bxc3 Bf5 $11 13. cxd5 Qxd5 14. Bf4
Rac8 15. c4 Qe4 16. Be3 Qc2 17. Qe1 b6 18. d5 Na5 19. Nd4 Qe4 20. Bf3 Qe5 21.
Nxf5 Qxf5 22. Bxb6 axb6 23. Qxe7 Nxc4 24. Qb4 Ne5 25. Be4 Qd7 26. Rac1 f5 27.
Bc2 Kh8 28. Rfd1 Rf6 29. Ba4 Qd8 30. Qd4 Qd6 31. f4 Ng6 32. Rc6 Qd8 33. Rxf6
Qxf6 34. Bd7 Rd8 35. Be6 h6 36. Qc4 Nf8 37. Re1 Nxe6 38. dxe6 Qe7 39. Qb5 g6
40. Qe5+ Kh7 41. a4 h5 42. h3 h4 43. Kh2 Rd6 44. Re2 c5 45. a5 bxa5 46. Qxc5 a4
47. Re5 Kg7 48. Re1 Kf8 49. Qe5 Ke8 50. Qh8+ Qf8 51. Qh7 Qf6 52. Rb1 Qd4 53.
Rb8+ Rd8 54. Qf7# 1-0

[Event "SR 3. liga A2 2009/2010"]
[Site "?"]
[Date "2010.02.14"]
[Round "8.2"]
[White "Halas, Miroslav"]
[Black "Sebesta, Radovan"]
[Result "1/2-1/2"]
[WhiteElo "1939"]
[BlackElo "2086"]
[PlyCount "94"]
[EventDate "2009.??.??"]

1. e4 c5 2. Nf3 Nc6 3. d4 cxd4 4. Nxd4 g6 5. c4 Nf6 6. Nc3 d6 7. Be2 Nxd4 8.
Qxd4 Bg7 9. Bg5 O-O 10. Rd1 Be6 11. O-O Qa5 12. Qd2 Rfc8 13. Bxf6 Bxf6 14. Nd5
Qxa2 15. Ra1 Qb3 16. Ra3 Qxb2 17. Nxe7+ Kf8 18. Qxb2 Bxb2 19. Rb3 Kxe7 20.
Rxb7+ Kf6 21. Rxb2 Bxc4 22. Bxc4 Rxc4 23. Rd1 Rxe4 24. Rxd6+ Re6 25. Rd1 a5 26.
f3 Ra7 27. Ra1 h5 28. Ra4 Re5 29. h4 Rc5 30. Kf2 Ke5 31. Ke3 Kd5 32. Rb6 Rc3+
33. Kd2 Rc4 34. Rb5+ Rc5 35. Rb6 Rac7 36. Ra6 Rc2+ 37. Ke3 R7c3+ 38. Kf4 Rc4+
39. Rxc4 Rxc4+ 40. Kg5 a4 41. g4 hxg4 42. fxg4 Kc5 43. h5 gxh5 44. gxh5 Kb5 45.
Ra7 Rc5+ 46. Kg4 Rc1 47. Rxf7 Rg1+ $11 1/2-1/2

[Event "SR 3. liga A2 2009/2010"]
[Site "?"]
[Date "2010.02.14"]
[Round "8.3"]
[White "Palka, Miroslav"]
[Black "Bahna, Jan"]
[Result "0-1"]
[WhiteElo "1976"]
[BlackElo "1960"]
[PlyCount "88"]
[EventDate "2009.??.??"]

1. c4 Nf6 2. Nc3 e6 3. e4 Bb4 4. e5 Ng8 5. Nf3 Nc6 6. d4 d5 7. c5 b6 8. Bg5
Nge7 9. Bb5 Bd7 10. Qa4 Bxc3+ 11. bxc3 bxc5 12. dxc5 a6 13. Bxc6 Bxc6 14. Bxe7
Bxa4 15. Bxd8 Kxd8 16. Kd2 Kd7 17. Rhb1 f6 18. Rb4 Bc6 19. Rab1 a5 20. R4b2 a4
21. a3 Ra5 22. Rb8 Rc8 23. Rxc8 Kxc8 24. exf6 gxf6 25. Nd4 Kd7 26. Rb4 e5 27.
Nxc6 Kxc6 28. Rh4 Kxc5 29. Rxh7 Ra7 30. Rf7 Kc4 31. Rxf6 Kb3 32. Rf5 Kxa3 33.
Kc2 Rb7 34. h4 Rb2+ 35. Kc1 Kb3 36. Rxe5 c6 37. Re6 Rc2+ 38. Kd1 a3 39. Rxc6 a2
40. Rb6+ Kxc3 41. Ra6 Rxf2 42. g4 a1=Q+ 43. Rxa1 Rf1+ 44. Ke2 Rxa1 0-1

[Event "SR 3. liga A2 2009/2010"]
[Site "?"]
[Date "2010.02.14"]
[Round "8.4"]
[White "Jurik, Michal"]
[Black "Palka, Martin"]
[Result "1/2-1/2"]
[WhiteElo "1932"]
[BlackElo "1889"]
[PlyCount "90"]
[EventDate "2009.??.??"]

1. e4 c5 2. Nf3 d6 3. d4 cxd4 4. Nxd4 Nf6 5. Nc3 a6 6. Be2 e6 7. O-O Be7 8. f4
Nc6 9. Kh1 Qc7 10. Bf3 Nxd4 11. Qxd4 O-O 12. Be3 Nd7 $11 13. Rad1 Re8 14. Qd2
b5 15. f5 Ne5 16. Bh5 Rf8 17. Bg5 f6 18. Bf4 Rb8 19. fxe6 Bxe6 20. Nd5 Bxd5 21.
Qxd5+ Kh8 22. c3 Qc4 23. Bxe5 Qxd5 24. exd5 fxe5 $11 25. Be2 Bf6 26. Bd3 a5 27.
Rde1 Rfc8 28. Re4 Rc5 29. Re3 Rxd5 30. g3 $11 Rc5 31. Rd1 d5 32. Bf5 d4 33.
cxd4 exd4 34. Rf3 Re8 35. Bd3 b4 36. b3 Rce5 37. Kg2 Re1 38. Rf1 Rxd1 39. Rxd1
Bg5 40. Kf3 Be3 41. Kg2 Rf8 42. Rf1 Rxf1 43. Bxf1 g5 44. Be2 h6 45. Kf3 Kg7
1/2-1/2

[Event "SR 3. liga A2 2009/2010"]
[Site "?"]
[Date "2010.02.14"]
[Round "8.5"]
[White "Fidericky, Milan"]
[Black "Hagara, Vladimir"]
[Result "1/2-1/2"]
[WhiteElo "1852"]
[BlackElo "1942"]
[PlyCount "172"]
[EventDate "2009.??.??"]

1. d4 Nf6 2. c4 g6 3. Nc3 d5 4. Nf3 Bg7 5. b3 O-O 6. Bb2 b6 7. e3 Bb7 8. Rc1
Nbd7 9. Be2 Rc8 10. O-O c5 11. Nxd5 Nxd5 12. cxd5 Bxd5 13. Ba3 Bb7 14. dxc5
Nxc5 15. Bxc5 bxc5 16. Qc2 Qb6 17. Nd2 Qe6 18. Rfd1 Rfd8 19. Bf3 Bxf3 20. Nxf3
Rxd1+ 21. Qxd1 Bb2 22. Rc2 Ba3 23. Qd3 Bb4 24. h4 Ba5 25. Ng5 Qf6 26. Qc4 h6
27. Nf3 Rc7 28. Qe4 Qd6 29. Ne5 Qd1+ 30. Kh2 Qd6 31. g3 Qe6 32. Qf4 Qf6 33.
Qxf6 exf6 34. Nc4 Bb6 35. Rd2 Re7 36. Kg2 Bc7 37. Rd5 Bb6 38. Rd6 Re6 39. Rd7
Kf8 40. Kf3 Ke8 41. Rb7 Re7 42. Nd6+ Kf8 43. Rb8+ Kg7 44. Ne8+ Kh7 45. Nxf6+
Kg7 46. Nd5 Re6 47. e4 Rc6 48. Nxb6 axb6 49. e5 Re6 50. Ke4 g5 51. hxg5 hxg5
52. f4 gxf4 53. gxf4 Rh6 54. Rb7 Kf8 55. f5 Rh2 56. Rxb6 Rxa2 57. Kd5 Ra5 58.
Kc4 Ra8 59. Kxc5 Re8 60. Kd6 Rd8+ 61. Kc5 Rc8+ 62. Rc6 Re8 63. e6 fxe6 64. Rxe6
Rc8+ 65. Rc6 Re8 66. Kd6 Rb8 67. Rc3 Kf7 68. Ke5 Rb5+ 69. Kf4 Kf6 70. Rc6+ Kf7
71. Kg5 Rxb3 72. Rc7+ Kf8 73. Kg6 Rg3+ 74. Kf6 Ke8 75. Re7+ Kf8 76. Re5 Ra3 77.
Rd5 Ke8 78. Ke6 Re3+ 79. Kf6 Ra3 80. Rd6 Rg3 81. Re6+ Kf8 82. Ke5 Re3+ 83. Kf4
Rxe6 84. fxe6 Ke7 85. Ke5 Ke8 86. Kf6 Kf8 1/2-1/2

[Event "SR 3. liga A2 2009/2010"]
[Site "?"]
[Date "2010.02.14"]
[Round "8.6"]
[White "Klanica, Anton"]
[Black "Lanik, Miroslav"]
[Result "1/2-1/2"]
[WhiteElo "1894"]
[BlackElo "1745"]
[PlyCount "99"]
[EventDate "2009.??.??"]

1. e4 c5 2. Nf3 d6 3. Bb5+ Bd7 4. Bxd7+ Qxd7 5. O-O Nc6 6. b3 Nf6 7. d3 g6 8.
Bb2 Bg7 9. Nbd2 O-O 10. Rb1 a6 11. Nc4 Qc7 12. Qe2 b5 13. Ne3 e6 14. h3 Rac8
15. Bxf6 Bxf6 16. Ng4 Bg7 17. c4 b4 18. Qd2 Qe7 19. Ne3 Nd4 20. Nxd4 Bxd4 21.
Nc2 Qf6 22. Kh1 Bc3 23. Qe2 Rfe8 24. Qg4 Rcd8 25. f4 d5 26. Rbd1 dxe4 27. dxe4
Rxd1 28. Rxd1 Rd8 29. g3 Qe7 30. Qe2 Rd6 31. Kg2 e5 32. Rd5 f6 33. Ne3 exf4 34.
Rxd6 Qxd6 35. Nd5 fxg3 36. Qg4 Qe5 37. Qf3 Kg7 38. Qe3 Bd4 39. Qf3 Bf2 40. h4
Qb2 41. Kh3 h5 42. Qf4 Qe5 43. Qxe5 fxe5 44. Nc7 $11 a5 45. Ne6+ Kf6 46. Ng5
Be3 47. Nf3 Bf4 48. Kg2 g5 49. hxg5+ Kg6 50. Kh3 1/2-1/2

[Event "SR 3. liga A2 2009/2010"]
[Site "?"]
[Date "2010.02.14"]
[Round "8.7"]
[White "Havlicek, Peter"]
[Black "Herega, Jozef"]
[Result "0-1"]
[WhiteElo "1671"]
[BlackElo "1879"]
[PlyCount "92"]
[EventDate "2009.??.??"]

1. e4 c5 2. Nf3 g6 3. c3 Bg7 4. d4 cxd4 5. cxd4 d6 6. Nc3 Bg4 7. Be3 Nf6 8. Bc4
Nbd7 9. h3 Bxf3 10. Qxf3 Rc8 11. Bb3 Qa5 12. O-O O-O 13. Rac1 b5 14. Rfd1 Rc7
15. g4 h6 16. Ne2 Rfc8 17. Rxc7 Rxc7 18. Nf4 Nf8 19. h4 b4 20. Kh2 e5 21. dxe5
Qxe5 22. Bd4 Qxe4 23. Qxe4 Nxe4 24. Bxg7 Kxg7 25. f3 Nc5 26. Nd5 Rb7 27. Bc4
Nfd7 28. f4 Nb6 29. Nxb6 Rxb6 30. Rd5 Ne4 31. Ra5 Rc6 32. b3 Nd2 33. Bd3 Rc3
34. Rd5 Nf3+ 35. Kh1 Rc1+ 36. Kg2 Ne1+ 37. Kf2 Nxd3+ 38. Rxd3 Rc2+ 39. Ke3 Rxa2
40. Rxd6 Rb2 41. Rd3 Rh2 42. Rd7 Rxh4 43. Rxa7 Rh3+ 44. Ke4 Rxb3 45. f5 Rb1 46.
fxg6 Kxg6 0-1

[Event "SR 3. liga A2 2009/2010"]
[Site "?"]
[Date "2010.02.14"]
[Round "8.8"]
[White "Babirat, Michal"]
[Black "Gasa, Patrik"]
[Result "1/2-1/2"]
[WhiteElo "1737"]
[BlackElo "1465"]
[PlyCount "151"]
[EventDate "2009.??.??"]

1. c4 Nf6 2. Nc3 g6 3. g3 Bg7 4. Bg2 c5 5. e3 O-O 6. Nge2 Nc6 7. O-O d6 8. a3
Be6 9. d3 d5 10. Nf4 dxc4 11. Nxe6 fxe6 12. dxc4 Qc7 $11 13. Qc2 Rad8 14. b3
Rd6 15. Nb5 Qd7 16. Nxd6 exd6 17. Bb2 Nd8 18. Rad1 Nf7 19. Rd2 b6 20. Rfd1 Qe7
21. f4 Rd8 22. h3 Ne8 23. e4 Bf8 24. Kh2 e5 25. fxe5 Nxe5 26. Rf2 Bg7 27. Rdf1
Nf6 28. Qd1 Rf8 29. Rd2 Rd8 30. Qa1 Ne8 31. Qd1 Nf6 32. Qe2 a5 33. Bc3 Bh6 34.
Rc2 Bg7 35. b4 axb4 36. axb4 Nh5 37. b5 Nf6 38. Ra1 h5 39. Ra6 Qe6 40. Bxe5
Qxe5 41. Rxb6 h4 42. Qd3 Bh6 43. Rf2 Nh5 $11 44. Kg1 hxg3 45. Rf1 Nf4 46. Qc2
Qd4+ 47. Kh1 Nd3 48. Bf3 Bf4 49. Rb7 Nf2+ 50. Kg2 Qh8 51. Rxf2 gxf2 52. Qxf2
Qf6 53. Ra7 Qe6 54. Qe2 Rb8 55. Qd3 Qf6 56. Qc2 Qg5+ 57. Bg4 $11 Be5 58. Qd3
Qf4 59. Qd5+ Kh8 60. Qf7 Qh2+ 61. Kf1 Qh1+ 62. Ke2 Qxe4+ 63. Kf1 Qd3+ 64. Kg2
Qg3+ 65. Kf1 Qh4 66. Kg2 Qh6 67. Rb7 Rf8 68. Qd5 Qh4 69. Rf7 Qg3+ 70. Kf1 Rxf7+
71. Qxf7 Qd3+ 72. Kg2 Qc2+ 73. Kf1 Qb1+ 74. Kg2 Bd4 75. Qf8+ Kh7 76. Qf7+
1/2-1/2

[Event "SR 3. liga A2 2009/2010"]
[Site "?"]
[Date "2010.02.28"]
[Round "9.1"]
[White "Gono, Pavol"]
[Black "Kapusta, Petr"]
[Result "0-1"]
[WhiteElo "2135"]
[BlackElo "1966"]
[PlyCount "76"]
[EventDate "2009.??.??"]

1. e4 c5 2. Nf3 d6 3. d4 cxd4 4. Nxd4 Nf6 5. Nc3 a6 6. g3 g6 7. Bg2 Bg7 8. O-O
O-O 9. Nce2 Qc7 10. c3 e5 11. Nc2 b5 12. Ne3 Bb7 13. Qd3 Rd8 14. b3 Nbd7 15. f3
d5 16. Nxd5 Nxd5 17. exd5 Nb6 18. Bg5 f6 19. Bd2 Nxd5 20. Qc2 Nb4 21. Qd1 Qb6+
22. Kh1 Nd3 23. Rc1 Nf2+ 24. Rxf2 Qxf2 25. Qe1 Qxe1+ 26. Bxe1 Bh6 27. Rb1 Bd2
28. Kg1 Bxe1 29. Rxe1 Rd2 30. a4 Rb2 31. axb5 axb5 32. b4 Raa2 33. Kf2 Bd5 34.
Ke3 Bc4 35. Bf1 Rc2 36. h3 Bxe2 37. Bxe2 Rxc3+ 38. Ke4 Rd2 0-1

[Event "SR 3. liga A2 2009/2010"]
[Site "?"]
[Date "2010.02.28"]
[Round "9.2"]
[White "Hudacek, Josef"]
[Black "Curidlo, Jan"]
[Result "1-0"]
[WhiteElo "2070"]
[BlackElo "1928"]
[PlyCount "77"]
[EventDate "2009.??.??"]

1. e4 c5 2. Ne2 d6 3. g3 Nc6 4. Bg2 g6 5. O-O Bg7 6. c3 e5 7. d3 Nge7 8. Nd2
O-O 9. h3 Rb8 10. a4 a5 11. f4 f5 12. exf5 Bxf5 13. Ne4 b6 14. g4 Bc8 15. N4g3
exf4 16. Bxf4 Be5 17. Bh6 Bg7 18. Bg5 Rxf1+ 19. Nxf1 Qe8 20. Ne3 Be6 21. Nf4
Bf7 22. Nfd5 Nxd5 23. Nxd5 Qe5 24. Bf4 Qe6 25. Qd2 Qd7 26. Re1 Kf8 27. Bh6 Kg8
28. Qf4 Bxh6 29. Qxh6 Qd8 30. Rf1 Bxd5 31. Bxd5+ Kh8 32. Bxc6 Qg8 33. Be4 d5
34. Bg2 Re8 35. Qg5 d4 36. Bd5 Qg7 37. Rf7 Qe5 38. Rf8+ Kg7 39. Rg8+ 1-0